| 000 | 00327nam a2200133Ia 4500 | ||
|---|---|---|---|
| 005 | 20260328104257.0 | ||
| 008 | 260328s9999||||xx |||||||||||||| ||und|| | ||
| 100 | _aFalkenberg, Haike | ||
| 245 | 0 |
_aRefugio Junto al Mar / _cHaike Falkenberg |
|
| 260 | _bkliczkowski | ||
| 300 | _a170 p. | ||
| 650 | _aCASAS-BOTES | ||
| 942 | _cBK | ||
| 999 |
_c10462 _d10462 |
||